00461nam a2200109Ia 4500008004100000050002400041100002500065245011500090260008600205300003300291521002700324140724s9999 xx 000 0 und d aQA 76.5b.Or65 2013 aOrdiales, Patrick G. aInventory and reservation system for Audio Visual Department of Elizabeth Seton School /cPatrick G. Ordiales. aLas Piñas, Philippines :bSouthville International School and Colleges,cc2013. a47 p. :bcol. ill. ;c28 cm. aInformation Technology